| 000 | 00828cam a2200277 u 4500 | ||
|---|---|---|---|
| 003 | MX-MxUPN | ||
| 005 | 20240306143943.0 | ||
| 008 | 190205s2007 sp a ar 000 j spa d | ||
| 020 | _a9788484702634 | ||
| 035 | _aUPN01000228781 | ||
| 040 |
_aMX-MxUPN _bspa |
||
| 041 | 1 |
_aspa _hfre |
|
| 050 | 4 |
_aPZ26.3 _bB57 2007 |
|
| 100 | 1 |
_aBisinski, Pierrick, _d1961- _942789 |
|
| 245 | 1 | 0 | _aTodos los mimos |
| 260 |
_aBarcelona : _bCorimbo, _cc2007. |
||
| 300 |
_a[29] páginas : _bilustraciones a color |
||
| 500 | _aTítulo original : "Tous les calins". | ||
| 534 |
_pTítulo original: _tTous les câlins |
||
| 650 | 4 |
_aAfectividad _951275 _vLiteratura infantil |
|
| 650 | 7 |
_aAnimales _vLiteratura infantil _91061 |
|
| 902 | _bVíctorGodínez/060324 | ||
| 905 | _aInfantil | ||
| 942 |
_2lcc _cLIBRO |
||
| 999 |
_c200876 _d200876 |
||